Para sempre sua / (Record no. 186)

MARC details
000 -LÍDER
campo de controle de tamanho fixo 01490nam a2200325 4500
001 - NÚMERO DE CONTROLE
campo de controle 186
003 - IDENTIFICADOR DO NÚMERO DE CONTROLE
campo de controle OSt
005 - DATA E HORÁRIO DA ÚLTIMA TRANSAÇÃO
campo de controle 20250528074014.0
008 - CAMPO DE DADOS FIXOS--INFORMAÇÃO GERAL
campo de controle de tamanho fixo 250131b |||||||e |||| 00| 1 eng d
020 ## - ISBN - INTERNATIONAL STANDARD BOOK NUMBER
ISBN - International Standard Book Number 9788565530385
040 ## - FONTE DA CATALOGAÇÃO
Idioma da catalogação por
041 ## - CÓDIGO DE IDIOMA
Código do idioma do original e/ou traduções intermediárias do texto eng
Código do idioma do texto/trilha sonora ou título diferente por
082 ## - CDD - CLASSIFICAÇÃO DECIMAL DE DEWEY
Número de Classificação 813
Número do exemplar D273p
100 1# - ENTRADA PRINCIPAL--NOME PESSOAL
Nome pessoal Day, Sylvia
Datas associadas ao nome 1973-
9 (RLIN) 345
240 ## - TÍTULO UNIFORME
Título uniforme Entwined with you
245 ## - TÍTULO
Título Para sempre sua /
Indicação de responsabilidade, etc. Day, Sylvia ; Tradução de Alexandre Boide
260 ## - PUBLICAÇÃO, DISTRIBUIÇÃO, ETC.
Local de publicação, distribuição, etc. São Paulo
Nome do editor, distribuidor, etc. Paralela
Data da publicação, distribuição, etc. 2013
300 ## - DESCRIÇÃO FÍSICA
Extensão 361 p.
490 1# - TÍTULO DA SÉRIE
Título da série Crossfire
Número do volume ou designação sequencial da série Livro 03
500 ## - NOTA GERAL
Nota geral Para sempre sua <br/><br/>Sequência de : Profundamente sua
520 ## - NOTA DE RESUMO, ETC.
Resumo, etc. "A partir do momento que conheci Gideon Cross, senti nele algo que eu precisava. Algo ao qual eu não podia resistir. Vi a perigosa e descuidada alma dentro dele – tão parecida com a minha. Estava atraída por ele. Precisava dele assim como precisava de meu coração batendo. Ninguém sabe o quanto ele se arriscou por mim. Como eu tinha sido ameaçada ou somente a quão escura e desesperadora a sombra de nosso passado se tornaria. Envolvidos pelos nossos segredos, tentamos desafiar as evidências. Fizemos nossas próprias regras e nos rendemos completamente ao sensual poder de ser possuído..."
650 #0 - ASSUNTO--TERMO TÓPICO
Cabeçalho tópico ou nome geográfico Literatura Americana
9 (RLIN) 84
650 #0 - ASSUNTO--TERMO TÓPICO
Cabeçalho tópico ou nome geográfico Amor e Paixão
9 (RLIN) 25
650 #0 - ASSUNTO--TERMO TÓPICO
Cabeçalho tópico ou nome geográfico Erótico
9 (RLIN) 305
655 #0 - TERMO DE ÍNDICE--GÊNERO E FORMA
Gênero/forma/ou termo foco Romance
655 #0 - TERMO DE ÍNDICE--GÊNERO E FORMA
Gênero/forma/ou termo foco Ficção
700 ## - ENTRADA ADICIONADA - NOME PESSOAL
Nome pessoal Alexandre Boidi
Função do autor por extenso Tradutor
9 (RLIN) 248
830 ## - ENTRADA SECUNDÁRIA DE SÉRIE--TÍTULO UNIFORME
Título uniforme Crossfire
Número do volume ou designação sequencial da série Livro 03
9 (RLIN) 346
942 ## - ELEMENTOS DE ENTRADA ADICIONADOS (KOHA)
Fonte de classificação ou esquema de arquivamento Classificação decimal de Dewey
Ocultar no OPAC Não
Tipo de material Koha Livros
Holdings
Situação do descarte Situação das perdas Fonte de classificação ou esquema de arquivamento Materiais especificados (volume encadernado ou outra parte) Status danificado Não pode ser emprestado Coleção Biblioteca de origem Biblioteca atual Localização na estante Data de aquisição Fonte de aquisição Total de empréstimos Número de chamada completo Código de barras Data de último acesso Data do preço efetivo Tipo de material Koha
    Classificação decimal de Dewey vol. 03     Ficção Biblioteca Professor Eduardo Afonso de Castro Biblioteca Professor Eduardo Afonso de Castro Literatura Estrangeira 21.03.2014 doação   813 / D273p 2025-14866 31.01.2025 31.01.2025 Livros

Powered by Koha